000 00497 a2200181 4500
005 20250628080140.0
020 _a978-0-07-060448-3
082 _a658 CHA
100 _aCHASE, B . R
245 _aOperations Management for Competitive Advantage
250 _a11th Ed.
260 _aNew Delhi
_bTata McGraw-Hill Irwin
_c2006.
300 _axxxv,875p.: ill.; figures
_bIndex
_c24cm
700 _aF . Robert Jacobs
700 _aNicholas J Aquilano
700 _aNitin K Agarwal
942 _2ddc
_cBKS
999 _c5858
_d5858